000 00667nam a22002172 4500
001 0000012637
005 20151217152110.0
008 090227s xx 000 0 eng d
020 _a0886714842 :
040 _aKABU
_cKABU
100 1 _aMiller, Bert.
_@0000169519
245 1 0 _aMathematics for business /
_cBert Miller.
250 _a1st ed.
260 _aCircle Pines, MI. :
_bAmerican Guidance Service,
_c1986.
300 _ax, 294 p.
650 0 _aBusiness mathematics.
_@0000148324
852 1 _9p500 KES
852 1 _9p500 KES
908 _a090227
950 _@1
999 _c8255
_d8255